| 000 | 00584nam a2200205Ia 4500 | ||
|---|---|---|---|
| 003 | GCL | ||
| 005 | 20240530103048.0 | ||
| 008 | 140319s9999 xx 000 0 ara d | ||
| 040 |
_aGCL / _cGCL |
||
| 082 | 0 | 4 |
_a709.04 _bس ف |
| 100 | 1 | _aسيرولا، موريس | |
| 245 | 1 | 0 |
_aالفن التكعيبى / _cسيرولا، موريس |
| 260 |
_aبيروت : _bمنشورات عويدان ، _c1983 |
||
| 300 |
_a143 ص؛ _c18 سم |
||
| 650 | 0 | 4 | _aالفن |
| 650 | 0 | 4 | _aالفن الحديث |
| 650 | 0 | 4 | _aالتكعيبية |
| 700 | 1 | _aهنرى زغيب | |
| 942 |
_2ddc _cBK |
||
| 999 |
_c36524 _d36524 |
||